Bioanalytical Techniques (Record no. 354217)

000 -LEADER
fixed length control field nam a22 7a 4500
003 - CONTROL NUMBER IDENTIFIER
control field NUST
005 - DATE AND TIME OF LATEST TRANSACTION
control field 20180117104123.0
008 - FIXED-LENGTH DATA ELEMENTS--GENERAL INFORMATION
fixed length control field 180117b xxu||||| |||| 00| 0 eng d
020 ## - INTERNATIONAL STANDARD BOOK NUMBER
International Standard Book Number 9788173198526
040 ## - CATALOGING SOURCE
Transcribing agency 0
082 ## - DEWEY DECIMAL CLASSIFICATION NUMBER
Classification number 616.0756 SRI
100 ## - MAIN ENTRY--PERSONAL NAME
Personal name Srivastava,M.L.
9 (RLIN) 8482
245 ## - TITLE STATEMENT
Title Bioanalytical Techniques
Statement of responsibility, etc. M.L.Srivastava
260 ## - PUBLICATION, DISTRIBUTION, ETC.
Place of publication, distribution, etc. New Delhi
Name of publisher, distributor, etc. Narosa Publishing House
Date of publication, distribution, etc. 2008.
300 ## - PHYSICAL DESCRIPTION
Extent 458p.
500 ## - GENERAL NOTE
General note P.B
942 ## - ADDED ENTRY ELEMENTS (KOHA)
Source of classification or shelving scheme
Koha item type Book
Call number prefix IESE
Holdings
Withdrawn status Lost status Source of classification or shelving scheme Damaged status Not for loan Collection code Permanent Location Current Location Shelving location Date acquired Total Checkouts Full call number Barcode Date last seen Price effective from Koha item type
            Institute of Environmental Science and Engineering (IESE) Institute of Environmental Science and Engineering (IESE) General Stacks 01/17/2018   616.0756 SRI IESE-1868 01/17/2018 01/17/2018 Book
© 2023 Central Library, National University of Sciences and Technology. All Rights Reserved.